The Underwear Quiz - Statistics

General Stats
  • This quiz has been taken 450 times
  • The average score is 4 of 15
Answer Stats
Hint Answer % Correct
Boxers
93%
Briefs
80%
Thongs
80%
Boxer Briefs
46%
Bikini
39%
Bikini
39%
Jockstrap
29%
Whitey-Tighteys
6%
Lace
4%
Bloomers
2%
Crotchless
2%
Satin
2%
Drawers
1%
Underoos
1%
Boystyle
0%
No matching quizzes found
Score Distribution
Percent of People with Each Score
Percentile by Number Answered
Your Score History
You have not taken this quiz